| 000 | 01066nam a2200325 a 4500 | ||
|---|---|---|---|
| 001 | 000110149 | ||
| 003 | CHAP | ||
| 005 | 20220329144120.0 | ||
| 008 | 140728s2013 it |r| ||||||eng d | ||
| 010 | _a106611 | ||
| 011 | _a107583 | ||
| 020 | _a9789251076071 | ||
| 040 | _cCHAP | ||
| 082 | 0 | 4 |
_a639.2 _bF46y v.1041 |
| 245 | 1 | 0 |
_aReport of the FAO workshop on bycatch management and low-impact fishing; Kuwait City, the State of Kuwait, 9-12 December 2012. / _cpor. FAO. |
| 260 |
_aRoma : _bFAO, _c2013. |
||
| 300 | _av, 113 p. | ||
| 490 | 1 |
_aFAO. Informe de pesca y acuicultura _v; 1041 |
|
| 590 |
_aE5995AHE _b05 _c20140728 _lUCH01 _h0922 |
||
| 590 |
_aE5995AHE _b05 _c20140728 _lUCH01 _h0926 |
||
| 590 |
_aE5995AHE _b05 _c20140728 _lUCH01 _h0927 |
||
| 590 |
_aE5995AHE _b05 _c20140728 _lUCH01 _h0943 |
||
| 650 | 1 | 4 |
_aCapturas incidentales (Pesca) _xPrevención. _918740 |
| 650 | 1 | 4 |
_aMedidas de seguridad. _973925 |
| 650 | 1 | 4 |
_aRiesgos. _997403 |
| 830 | 1 | 0 |
_aFAO. Informe de pesca y acuicultura _v; 1041 _939588 |
| 901 | _aBK | ||
| 942 | _cLIBRO | ||
| 942 | _n0 | ||
| 999 |
_c106611 _d106611 |
||